U.S. States with the most Europeans per capita - Statistics

General Stats
  • This quiz has been taken 20 times
  • The average score is 11 of 15
Answer Stats
Hint Answer % % Correct
1 Vermont 96.58%
89%
3 Maine 93.43%
84%
11 Oregon 85.81%
84%
5 Wyoming 91.28%
84%
13 Kansas 84.9%
79%
4 New Hampshire 92.29%
79%
12 Idaho 85.66%
74%
6 Iowa 89.44%
74%
7 Montana 88.79%
74%
15 South Dakota 83.56%
74%
10 Wisconsin 86.28%
74%
9 North Dakota 86.36%
68%
8 Kentucky 86.63%
63%
14 Nebraska 84.24%
63%
2 West Virginia 95.74%
53%
No matching quizzes found
Score Distribution
Percent of People with Each Score
Percentile by Number Answered
Your Score History
You have not taken this quiz